Movie Titles Abroad (2000s) Quiz Stats

 Plays Quiz Updated Jun 30, 2017

Support Sporcle.
Go Orange.
Score 0/17 Timer 03:00
0 Plays Today
% Correct
Mean Girls
94.2%
Lost in Translation
91.9%
Cloudy with a Chance of Meatballs
91.3%
Saw
89.3%
The Notebook
88.7%
The 40-Year-Old Virgin
87.2%
There Will Be Blood
83.8%
Die Another Day
83.8%
Little Miss Sunshine
83.6%
% Correct
The Hangover
79%
Taken
72.6%
Million Dollar Baby
57.9%
Avatar
57%
No Country for Old Men
54%
The Hurt Locker
53.3%
The Departed
50.4%
The Blind Side
48.9%

You're not logged in!

Compare scores with friends on all Sporcle quizzes.
OR
Log In
Forgot?

From the Vault

Numbers in Broadway Songs

by MovieGuru

Broadway, meets Sporcle, meets math?!
Remove Ads.
Support Sporcle.
Get the best of Sporcle when you Go Orange. This ad-free experience offers more features, more stats, and more fun while also helping to support Sporcle. Thank you for becoming a member.

Show Comments

Extras

Top Quizzes Today


Score Distribution

Your Account Isn't Verified!

In order to create a playlist on Sporcle, you need to verify the email address you used during registration. Go to your Sporcle Settings to finish the process.

Report this User

Report this user for behavior that violates our Community Guidelines.

Details: